Lord Jim, (Record no. 174442)
[ view plain ]
| 000 -LEADER | |
|---|---|
| fixed length control field | 01096cam a22003371 4500 |
| 001 - CONTROL NUMBER | |
| control field | 6409843 |
| 003 - CONTROL NUMBER IDENTIFIER | |
| control field | Nust |
| 005 - DATE AND TIME OF LATEST TRANSACTION | |
| control field | 20180730062024.0 |
| 008 - FIXED-LENGTH DATA ELEMENTS--GENERAL INFORMATION | |
| fixed length control field | 740514s1931 nyu 000 1 eng |
| 010 ## - LIBRARY OF CONGRESS CONTROL NUMBER | |
| LC control number | 31026755 |
| 020 ## - INTERNATIONAL STANDARD BOOK NUMBER | |
| International Standard Book Number | 8130402874 |
| Terms of availability | Rs. 436 |
| 035 ## - SYSTEM CONTROL NUMBER | |
| System control number | (OCoLC)884453 |
| 038 ## - RECORD CONTENT LICENSOR | |
| Staff Name | Arshad |
| 040 ## - CATALOGING SOURCE | |
| Original cataloging agency | DLC |
| Transcribing agency | OAsC |
| Modifying agency | OCoLC |
| -- | CSdP |
| -- | DLC |
| 050 00 - LIBRARY OF CONGRESS CALL NUMBER | |
| Classification number | PZ3.C764 |
| Item number | L20 |
| Classification number | PR6005.O4 |
| 082 ## - DEWEY DECIMAL CLASSIFICATION NUMBER | |
| Classification number | 823 |
| Author Mark | CON |
| 100 1# - MAIN ENTRY--PERSONAL NAME | |
| Personal name | Conrad, Joseph, |
| Dates associated with a name | 1857-1924. |
| 9 (RLIN) | 12078 |
| 245 10 - TITLE STATEMENT | |
| Title | Lord Jim, |
| Statement of responsibility, etc. | by Joseph Conrad; introduction by J. Donald Adams. |
| 260 ## - PUBLICATION, DISTRIBUTION, ETC. | |
| Place of publication, distribution, etc. | New York, |
| Name of publisher, distributor, etc. | The Modern Library |
| Date of publication, distribution, etc. | 1931 |
| 300 ## - PHYSICAL DESCRIPTION | |
| Extent | 724 p. |
| Dimensions | 18 cm. |
| 490 0# - SERIES STATEMENT | |
| Series statement | The Modern library of the world's best books |
| 500 ## - GENERAL NOTE | |
| General note | "First Modern library edition." |
| 650 #0 - SUBJECT ADDED ENTRY--TOPICAL TERM | |
| Topical term or geographic name entry element | Merchant marine |
| General subdivision | Officers |
| Form subdivision | Fiction. |
| 9 (RLIN) | 12079 |
| 650 #0 - SUBJECT ADDED ENTRY--TOPICAL TERM | |
| Topical term or geographic name entry element | British |
| Geographic subdivision | Indonesia |
| Form subdivision | Fiction. |
| 9 (RLIN) | 12080 |
| 650 #0 - SUBJECT ADDED ENTRY--TOPICAL TERM | |
| Topical term or geographic name entry element | Cowardice |
| Form subdivision | Fiction. |
| 9 (RLIN) | 12081 |
| 650 #0 - SUBJECT ADDED ENTRY--TOPICAL TERM | |
| Topical term or geographic name entry element | Atonement |
| Form subdivision | Fiction. |
| 9 (RLIN) | 12082 |
| 651 #0 - SUBJECT ADDED ENTRY--GEOGRAPHIC NAME | |
| Geographic name | Indonesia |
| Form subdivision | Fiction. |
| 9 (RLIN) | 12083 |
| 655 #7 - INDEX TERM--GENRE/FORM | |
| Genre/form data or focus term | Psychological fiction. |
| Source of term | lcsh |
| 9 (RLIN) | 953 |
| 906 ## - LOCAL DATA ELEMENT F, LDF (RLIN) | |
| a | 7 |
| b | cbc |
| c | oclcrpl |
| d | u |
| e | ncip |
| f | 19 |
| g | y-gencatlg |
| 942 ## - ADDED ENTRY ELEMENTS (KOHA) | |
| Source of classification or shelving scheme | |
| Koha item type | Book |
| Withdrawn status | Lost status | Source of classification or shelving scheme | Materials specified (bound volume or other part) | Damaged status | Not for loan | Collection code | Permanent Location | Current Location | Shelving location | Date acquired | Total Checkouts | Full call number | Barcode | Date last seen | Copy number | Price effective from | Koha item type |
|---|---|---|---|---|---|---|---|---|---|---|---|---|---|---|---|---|---|
| Vol.1, Vol. 2 | Central Library (CL) | Central Library (CL) | Fiction | 01/26/2017 | 823 CON | CL1045 | 01/26/2017 | 2 | 01/26/2017 | Book | |||||||
| Vol.1, Vol. 2 | Central Library (CL) | Central Library (CL) | Fiction | 01/26/2017 | 823 CON | CL2004 | 01/26/2017 | 2 | 01/26/2017 | Book |
